Mỹ - Iraq cuộc đối đầu hai thế kỷ /
Đã lưu trong:
| Tác giả khác: | , |
|---|---|
| Định dạng: | Sách giấy |
| Ngôn ngữ: | Vietnamese |
| Được phát hành: |
H. :
Thông tấn,
2002
|
| Những chủ đề: | |
| Các nhãn: |
Thêm thẻ
Không có thẻ, Là người đầu tiên thẻ bản ghi này!
|
| Thư viện lưu trữ: | Thư viện Trường Đại học Đà Lạt |
|---|
| LEADER | 00872nam a2200337 4500 | ||
|---|---|---|---|
| 001 | DLU040028601 | ||
| 005 | ##200406244 | ||
| 040 | # | # | |a DLU |b vie |
| 041 | # | # | |a vie |
| 044 | # | # | |a vn |
| 082 | # | # | |a 327.730 567 |b Myi |
| 245 | # | # | |a Mỹ - Iraq cuộc đối đầu hai thế kỷ / |c Đồng Quang Tiến, Trần Mạnh Thường biên tập |
| 260 | # | # | |a H. : |b Thông tấn, |c 2002 |
| 300 | # | # | |a 283 tr. ; |c 19 cm |
| 653 | # | # | |a Chiến tranh vùng Vịnh |
| 653 | # | # | |a Irac |
| 653 | # | # | |a Mỹ |
| 653 | # | # | |a Quan hệ quốc tế |
| 700 | # | # | |a Đồng Quang Tiến |e biên tập |
| 700 | # | # | |a Trần Mạnh Thường |e biên tập |
| 923 | # | # | |a 17/2004 |
| 992 | # | # | |a 28000 |
| 994 | # | # | |a DLU |
| 900 | # | # | |a True |
| 911 | # | # | |a Đào Thị Thu Huyền |
| 925 | # | # | |a G |
| 926 | # | # | |a A |
| 927 | # | # | |a SH |
| 980 | # | # | |a Thư viện Trường Đại học Đà Lạt |